I-juca-pirama e os timbiras (Record no. 191829)

MARC details
000 -LÍDER
campo de controle de tamanho fixo 00360 a2200157 4500
001 - NÚMERO DE CONTROLE
campo de controle 191829
020 ## - ISBN - INTERNATIONAL STANDARD BOOK NUMBER
ISBN - International Standard Book Number 978-85-254-0686-6
040 ## - FONTE DA CATALOGAÇÃO
Instituição que transcreveu o registro Magnum
100 ## - ENTRADA PRINCIPAL--NOME PESSOAL
Nome pessoal Dias, Antonio Gonçalves
240 10 - TÍTULO UNIFORME
Título uniforme I-juca-pirama e os timbiras
Idioma da obra por
245 10 - TÍTULO
Título I-juca-pirama e os timbiras
300 ## - DESCRIÇÃO FÍSICA
Extensão 112
362 0# - DATAS DE PUBLICAÇÃO E/OU DESIGNAÇÃO SEQUENCIAL
Datas de publicação e/ou designação sequencial 2016
697 ## - ENTRADA DE ASSUNTO LOCAL--ENTIDADE COLETIVA (RLIN)
Nome corporativo ou nome da jurisdição LITERATURA GERAL
942 ## - ELEMENTOS DE ENTRADA ADICIONADOS (KOHA)
Tipo de material Koha Livros
Holdings
Situação do descarte Situação das perdas Situação física Não pode ser emprestado Biblioteca de origem Biblioteca atual Data de aquisição Total de empréstimos Número de chamada completo Código de barras Data de último acesso Data do preço efetivo Tipo de material Koha
        Magnum Magnum 08/06/2024   869.4.769 MAG00069596 08/06/2024 08/06/2024 Livros
        Magnum Magnum 08/06/2024   869.4.769 MAG00069597 08/06/2024 08/06/2024 Livros
        Magnum Magnum 08/06/2024   869.4.769 MAG00069598 08/06/2024 08/06/2024 Livros
        Magnum Magnum 08/06/2024   869.4.769 MAG00069599 08/06/2024 08/06/2024 Livros
        Magnum Magnum 08/06/2024   869.4.769 MAG00069600 08/06/2024 08/06/2024 Livros
        Magnum Magnum 08/06/2024   869.4.769 MAG00069601 08/06/2024 08/06/2024 Livros
        Magnum Magnum 08/06/2024   869.4.769 MAG00069602 08/06/2024 08/06/2024 Livros
        Magnum Magnum 08/06/2024   869.4.769 MAG00069603 08/06/2024 08/06/2024 Livros
        Magnum Magnum 08/06/2024   869.4.769 MAG00069604 08/06/2024 08/06/2024 Livros
        Magnum Magnum 08/06/2024   869.4.769 MAG00069605 08/06/2024 08/06/2024 Livros
        Magnum Magnum 08/06/2024   869.4.769 MAG00069606 08/06/2024 08/06/2024 Livros
        Magnum Magnum 08/06/2024   869.4.769 MAG00069607 08/06/2024 08/06/2024 Livros